| 000 | 00718nam a2200265Ia 4500 | ||
|---|---|---|---|
| 001 | Para_4800 | ||
| 003 | CHAP | ||
| 008 | 220125s1942 xx 000 0 und d | ||
| 010 | _a203176 | ||
| 040 | _cCHAP | ||
| 090 | _aPA FOLLETO 2202 | ||
| 100 |
_aLarson, N. P. _964987 |
||
| 245 |
_aInsecticides for victory gardens / _c N. P. Larson |
||
| 260 |
_aBrookings : _b South Dakota State College |
||
| 300 | _a16 p. | ||
| 440 |
_aSouth Dakota Agr. Exp. Sta. Circular; 40 _9168818 |
||
| 650 |
_aInsecticidas _958855 |
||
| 901 | _aPA FOLLETO 2202 | ||
| 902 | _aA | ||
| 905 | _a0000001942 BRO 0000000000 00 | ||
| 910 | _a1942 | ||
| 942 | _cPARA | ||
| 942 |
_cPARA _d1 |
||
| 999 |
_c203176 _d203176 |
||